Microcontroller programming : (Record no. 7944)
[ view plain ]
| 000 -LEADER | |
|---|---|
| fixed length control field | 01047nac a22002775a 4500 |
| 008 - FIXED-LENGTH DATA ELEMENTS--GENERAL INFORMATION | |
| fixed length control field | 091109t2007 flua | 001 0 eng d |
| 010 ## - LIBRARY OF CONGRESS CONTROL NUMBER | |
| LC control number | 2006050867 |
| 020 ## - INTERNATIONAL STANDARD BOOK NUMBER | |
| International Standard Book Number | 0849371899 (alk. paper) |
| 020 ## - INTERNATIONAL STANDARD BOOK NUMBER | |
| International Standard Book Number | 9780849371899 (alk. paper) |
| 035 ## - SYSTEM CONTROL NUMBER | |
| System control number | (OCoLC)ocm71239267 |
| 040 ## - CATALOGING SOURCE | |
| Original cataloging agency | EG-ScBUE |
| Language of cataloging | eng |
| Transcribing agency | EG-ScBUE |
| 082 04 - DEWEY DECIMAL CLASSIFICATION NUMBER | |
| Classification number | 629.8955265 |
| Item number | SAN |
| Edition number | 22 |
| 100 1# - MAIN ENTRY--PERSONAL NAME | |
| Personal name | Sanchez, Julio, |
| 9 (RLIN) | 9259 |
| 245 10 - TITLE STATEMENT | |
| Title | Microcontroller programming : |
| Remainder of title | the microchip PIC / |
| Statement of responsibility, etc | Julio Sanchez, Maria P. Canton. |
| 260 ## - PUBLICATION, DISTRIBUTION, ETC. (IMPRINT) | |
| Place of publication, distribution, etc | Boca Raton, Florida : |
| Name of publisher, distributor, etc | Taylor & Francis Group / CRC Press, |
| Date of publication, distribution, etc | c.2007. |
| 300 ## - PHYSICAL DESCRIPTION | |
| Extent | xvii, 804 p. : |
| Other physical details | ill. ; |
| Dimensions | 27 cm. |
| 500 ## - GENERAL NOTE | |
| General note | Includes Appendixes. |
| 500 ## - GENERAL NOTE | |
| General note | Index : p. 795-803. |
| 650 #0 - SUBJECT ADDED ENTRY--TOPICAL TERM | |
| Topical term or geographic name as entry element | Programmable controllers. |
| 9 (RLIN) | 9260 |
| Source of heading or term | BUEsh |
| 650 #0 - SUBJECT ADDED ENTRY--TOPICAL TERM | |
| Topical term or geographic name as entry element | Microprocessors |
| General subdivision | Programming. |
| 9 (RLIN) | 9261 |
| Source of heading or term | BUEsh |
| 651 ## - SUBJECT ADDED ENTRY--GEOGRAPHIC NAME | |
| Source of heading or term | BUEsh |
| 653 ## - INDEX TERM--UNCONTROLLED | |
| Arrived date list | August2015 |
| Resource For college | Informatics and Computer Science |
| 700 1# - ADDED ENTRY--PERSONAL NAME | |
| Personal name | Canton, Maria P., |
| 9 (RLIN) | 9262 |
| Relator term | author. |
| 856 42 - ELECTRONIC LOCATION AND ACCESS | |
| Materials specified | Publisher description |
| Uniform Resource Identifier | <a href="http://www.loc.gov/catdir/enhancements/fy0703/2006050867-d.html">http://www.loc.gov/catdir/enhancements/fy0703/2006050867-d.html</a> |
| 942 ## - ADDED ENTRY ELEMENTS (KOHA) | |
| Item type | Book - Borrowing |
| Call number prefix | 629.895 SAN |
| Source of classification or shelving scheme | Dewey Decimal Classification |
| Withdrawn status | Item status | Source of classification or shelving scheme | Damaged status | Not for loan | Home library | Current library | Shelving location | Date acquired | Source of acquisition | Total Checkouts | Total Renewals | Full call number | Barcode | Checked out | Date last seen | Date last borrowed | Koha item type | Vendor |
|---|---|---|---|---|---|---|---|---|---|---|---|---|---|---|---|---|---|---|
| Lost | Dewey Decimal Classification | Central Library | Central Library | First floor | 08/02/2014 | Purchase | 2 | 1 | 629.8955265 SAN | 000009610 | 09/11/2014 | 19/10/2014 | 19/10/2014 | Book - Borrowing | ||||
| Dewey Decimal Classification | Central Library | Central Library | First floor | 10/11/2008 | Purchase | 7 | 18 | 629.8955265 SAN | 000013602 | 15/07/2025 | 04/11/2017 | Book - Borrowing | ||||||
| Dewey Decimal Classification | Central Library | Central Library | First floor | 09/11/2009 | 12 | 9 | 629.8955265 SAN | 000019047 | 15/07/2025 | 11/02/2013 | Book - Borrowing | Baccah | ||||||
| Dewey Decimal Classification | Central Library | Central Library | First floor | 09/11/2009 | 1 | 1 | 629.8955265 SAN | 000019046 | 15/07/2025 | 04/11/2014 | Book - Borrowing | Baccah | ||||||
| Dewey Decimal Classification | Central Library | Central Library | First floor | 09/11/2009 | 2 | 2 | 629.8955265 SAN | 000019045 | 15/07/2025 | 29/01/2012 | Book - Borrowing | Baccah | ||||||
| Dewey Decimal Classification | Central Library | Central Library | First floor | 09/11/2009 | 629.8955265 SAN | 000009549 | 15/07/2025 | NB - Book (Non borrowing) |